Districtes de la ciutat de València - Estadísticas

Estadísticas generales
  • Esta prueba ha sido intentada 441 veces
  • La puntuación promedio es 9 de 19
Respuestas en el mapa
Las respuestas están codificadas por una escala verde-roja en el mapa de la prueba según el % correcto abajo.
 
Estadísticas de respuestas
Resposta % Correcto
Benimaclet
81%
Ciutat Vella
74%
Campanar
68%
Patraix
65%
Poblats Marítims
63%
Benicalap
59%
Eixample
57%
Jesús
46%
Pobles del Sud
42%
Extramurs
41%
Pobles del Nord
41%
Saïdia
39%
Algirós
38%
Quatre Carreres
38%
Camins al Grau
37%
Pobles de l'Oest
35%
Rascanya
26%
Pla del Real
25%
Olivereta
23%
No se encontraron pruebas coincidentes
Distribución de puntuación
Porcentaje de gente con cada puntuación
Porcentaje por número respondido
Historial de tus puntuaciones
No has intentado esta prueba.